000 00815naa a2200241 i 4500
001 27480
003 ES-MaBCM
005 20241016094809.0
008 921222s1992 esp 000 0 spa d
021 _axx
035 _a(OCoLC)1365238724
040 _cES-MaBCM
041 0 _aspa
043 _aesp
100 1 _aMartínez Arrieta, Andrés
_929315
245 1 3 _aEl principio acusatorio
_b: teoría general y desarrollo jurisprudencial
_cAndrés Martínez Arrieta
520 _aEn el mismo nº: "El principio acusatorio: un intento de aclaración conceptual" de Juan Montero Aroca, p. 775-788
650 2 7 _aAcusación
_957446
651 2 4 _aEspaña
_9115342
655 4 _aJurisprudencia comentada
_959143
773 0 _aEn:
_tJusticia
_dBarcelona : 1992
_w104456
_gn. 4, p. 833-879. - Loc. S.155
942 _cAREV
999 _c27480
_d27480